Culture Générale - Série 829 - Statistiques

Statistiques générales
  • Ce quiz a été pris 136 fois
  • Le résultat moyen est 7 sur 10
Statistiques - réponses
Question Réponse % Correct
De quel arbre fruitier est issue la mangue ? manguier
95%
Comment appelle-t-on les petits bourrelets de chair situés sous les pattes des chiens et des chats ? coussinets
93%
Quel prénom partagent Mesdemoiselles Daumas, chanteuse; de Caunes, actrice; et Mme Bovary, héroïne de roman ? Emma
93%
Quel verbe désigne le fait d'enrober de chapelure une escalope avant de la faire cuire ? paner
87%
Selon l'expression populaire, quand on ne fait rien d'utile, quel animal d'Afrique peigne-t-on ? girafe
71%
Quel animal d'élevage fournit l'ingrédient principal du fromage de tête ? porc
69%
Film français réalisé par Éric Lartigau en 2014, avec Louane, Karine Viard, François Damiens La famille Bélier
68%
De quel pays Alberto Fujimori a-t-il été président, entre 1990 et 2000 ? Pérou
44%
Dans les années 1960, quel chanteur et harmoniciste américain interprète les chansons : "Mr. Tambourine Man" et "Like A Rolling Stone" ? Bob Dylan
42%
De quel roi de Mycènes , Clytemnestre était-elle l'épouse ? Agamemnon
29%
Aucun quiz correspondant
Distribution des résultats
% des personnes avec chaque résultat
Percentile par nombre de réponses
Votre historique - résultats
Vous n’avez pas pris ce quiz